Data Mining Techniques/ (Record no. 206173)

MARC details
000 -LEADER
fixed length control field 00575nam a2200193 4500
005 - DATE AND TIME OF LATEST TRANSACTION
control field 20241008160139.0
010 ## - LCCN (DPL NO)
LC control number ENG-141967
020 ## - INTERNATIONAL STANDARD BOOK NUMBER
Terms of availability 999.00
International Standard Book Number 9788173718847
035 ## - SYSTEM CONTROL NUMBER
System control number EN-125499
037 ## - SOURCE OF ACQUISITION
Source of stock number/acquisition DBAD
082 ## - DEWEY DECIMAL CLASSIFICATION NUMBER
Classification number 005.74
Edition number 3
100 ## - MAIN ENTRY--PERSONAL NAME
Personal name Pujari, Arun K
245 ## - TITLE STATEMENT
Title Data Mining Techniques/
Statement of responsibility, etc By Arun K Pujari
250 ## - EDITION STATEMENT
Edition statement 3
260 ## - PUBLICATION, DISTRIBUTION, ETC. (IMPRINT)
Place of publication, distribution, etc Hyderabad
Name of publisher, distributor, etc Universities Press (India) Pvt. Ltd.
Date of publication, distribution, etc 2013
270 ## - ADDRESS
Address 3-6-747/A & 3-6-754/1, Himayatnagar
City Hyderabad
Postal code 500029
300 ## - PHYSICAL DESCRIPTION
Extent xxii,366p.
Dimensions 24cm(pb)
942 ## - ADDED ENTRY ELEMENTS (KOHA)
Source of classification or shelving scheme Dewey Decimal Classification
Item type English Books
Classification part 005.74
Call number suffix PUJ
Holdings
Withdrawn status Lost status Not for loan Collection code Home library Current library Date acquired Source of acquisition Cost, normal purchase price Full call number Barcode Copy number Cost, replacement price Koha item type
    Not For Loan Non-fiction D.B.Act.Division D.B.Act.Division 08/10/2024 Delivery of Books Act Division 999.00 005.74 PUJ EN-125499 1 999.00 English Books

© Delhi Public Library
Hit Counter
free hit counter